=LDR 00000nam 2200000 4500 =001 000842 =005 20250712125305 =035 ##$$a 0010-0725000716 =007 ta =008 250712################a##########0#ind## =020 ##$$a 978-623-472-678-7 =082 ##$$a 398.209 598 =084 ##$$a 398.209 598 GR s =100 #$$a grifftih hannah =245 1#$$a satu hari di sungai han /$c hannah grifftih =250 ##$$a pertama =260 ##$$a jakarta :$b badan pengembangan dan pembinaan bahasa,$c 2022 =300 ##$$a 20hlm. : $b ilus. ; $c 22.9cm =990 ##$$a TBM202400800